Mystery Taylor Swift Song #17 - Statistics

General Stats
  • This quiz has been taken 1,215 times
    1,130 since last reset
  • The average score is 35 of 104
Answer Stats
Song % Correct
I
85%
a
81%
Taylor Swift
80%
You
78%
the
74%
me
71%
and
68%
on
66%
In
63%
when
63%
to
62%
your
62%
I'm
60%
we
60%
it
59%
my
59%
so
59%
be
57%
do
56%
you're
56%
is
54%
no
54%
with
54%
that
50%
It's
48%
what
48%
only
47%
are
45%
don't
44%
like
44%
not
44%
if
43%
know
43%
can
39%
say
39%
all
38%
out
36%
sing
36%
by
35%
I'm Only Me When I'm With You
35%
Just
35%
up
35%
can't
33%
down
31%
here
31%
time
31%
night
28%
thing
27%
wanna
26%
feel
25%
live
25%
side
25%
about
24%
Everything
24%
matter
24%
right
24%
still
24%
girl
23%
ground
23%
or
23%
Well
23%
without
23%
world
23%
boy
22%
isn't
22%
need
22%
other
22%
tell
22%
true
22%
fly
21%
try
21%
crazy
20%
drive
20%
half
20%
let
20%
trying
18%
Friday
17%
small
17%
town
17%
myself
16%
stars
16%
beneath
15%
listen
15%
Living
15%
sky
15%
behind
14%
figure
14%
gets
14%
hard
14%
pictures
14%
Sometimes
14%
yard
14%
crickets
13%
else
13%
field
13%
painting
13%
tears
13%
hide
12%
nobody
12%
anybody
11%
fears
11%
Through
11%
deepest
10%
secrets
10%
No matching quizzes found
Score Distribution
Percent of People with Each Score
Percentile by Number Answered
Your Score History
You have not taken this quiz since the last reset